Statistics for Top Ten Countries That Speak The Most German By Percentage

Click here to take the quiz!

General Stats

  • This quiz has been taken 79 times
  • The average score is 8 of 10

Answers on the Map

Answers color-coded by a green-red scale on the quiz's map according to % correct below.
 

Answer Stats

Country% Correct
Germany
100%
Switzerland
99%
Austria
97%
Liechtenstein
92%
Canada
88%
Luxembourg
86%
France
79%
New Zealand
65%
Paraguay
48%
Belize
34%

Score Distribution

Percentile by Number Answered

Percent of People with Each Score

Your Score History

You have not taken this quiz